000 00900nab a2200277 4500
003 BR-BrBNA
005 20260111154410.0
008 260111b bl.||||| |||| 00| 0 por d
040 _aBR-BrBNA
_bpor
072 _aE10 ; E21 ; E13 ; E14 ; E20 ; E70 ; P01
100 _aZamariola, Leonardo
245 _aA agropecuária como indústria
_bArtigo
500 _a2 illus.
650 _aAGROPECUÁRIA
650 _aAGROINDÚSTRIA
650 _aAGRONEGÓCIO
650 _aINVESTIMENTO
650 _aTECNOLOGIA
650 _aPRODUTIVIDADE
650 _aSUSTENTABILIDADE
650 _aPESQUISA DE MERCADO
650 _aGESTÃO DA PROPRIEDADE
773 0 _01706
_9348135
_dSão Paulo-SP Editora Três Ltda - E-mail: luizfsa@revistadinheiro.com.br 2004
_o2025-0626
_tDinheiro Rural (Brazil)
_x1807-3700
_gv. 9(113) p. 114; (Apr 2014)
_wBR2025005930
942 _cANA
999 _c339793
_d339793